Tự động hoá trong công nghiệp với S7 và Protool : Giao diện người - máy (HMI) /

সংরক্ষণ করুন:
গ্রন্থ-পঞ্জীর বিবরন
প্রধান লেখক: Trần Thu Hà, TS.
অন্যান্য লেখক: Phạm Quang Huy.
বিন্যাস: Sách giấy
ভাষা:Vietnamese
প্রকাশিত: Tp. HCM : Hồng đức, 2008.
বিষয়গুলি:
ট্যাগগুলো: ট্যাগ যুক্ত করুন
কোনো ট্যাগ নেই, প্রথমজন হিসাবে ট্যাগ করুন!
Thư viện lưu trữ: Thư viện Trường Đại học Đà Lạt
LEADER 00937nam a2200337 4500
001 DLU110116544
005 ##20110224
040 # # |a DLU  |b vie 
041 # # |a vie 
044 # # |a vn 
082 # # |a 629.8  |b TR-H 
100 # # |a Trần Thu Hà,  |c TS. 
245 # # |a Tự động hoá trong công nghiệp với S7 và Protool :  |b Giao diện người - máy (HMI) /  |c Trần Thu Hà, Phạm Quang Huy. 
260 # # |a Tp. HCM :  |b Hồng đức,  |c 2008. 
300 # # |a 447 tr. :  |b minh hoạ ;  |c 21 cm. 
504 # # |a Tài liệu tham khảo: tr.2. 
653 # # |a Điều khiển logic 
653 # # |a Hệ thống điều khiển 
653 # # |a Thiết bị điều khiển 
700 # # |a Phạm Quang Huy. 
923 # # |a 15/2010 
991 # # |a GT 
992 # # |a 55000 
994 # # |a DLU 
900 # # |a True 
911 # # |a Đào Thị Thu Huyền 
925 # # |a G 
926 # # |a A 
927 # # |a SH 
980 # # |a Thư viện Trường Đại học Đà Lạt